[Event "Summer Cup"]
[Site "Wellington Chess Club"]
[Date "2017.03.16"]
[Round "7"]
[White "Day, Fabian"]
[Black "Ker, Anthony"]
[Result "0-1"]
[WhiteElo "1608"]
[BlackElo "2461"]

1. e4 { So I finally get the chance to play one of what I colloquially call the
"Big four" at the club. This time it's not because I'm paired in round one of a
swiss, but because my score is actually high enough. (Having to take two byes
at the start probably helped with this) } 1... d6 2. d4 Nf6 3. Nc3 { I thought
for once I would try my hand at some more serious preparation for once,
especially given Anthony's propensity to play the Pirc... well... every single
game... } 3... g6 4. Be3 { Everyone and their mother seems to play f4 here
against Anthony, but I don't really understand those positions, and I feel a
lot more comfortable going for a hack attack and pretending it's a dragon. }
4... c6 { a6 is also possible. The general idea, (at least as I think) is that
in these positions, if black goes for the natural Bg7, 0-0 ect. Whites attack
will really just be crashing through before blacks. Black will therefore try to
play with the king in the centre for now, hoping that white will castle
queenside, when blacks counterplay will be quite severe, as white struggles to
open the centre. } 5. Qd2 b5 6. f3 { Covering the e4 pawn, preparing g4... ect
White has many other setups he can choose against the c6 line, but I like
having the space like this. } 6... Nbd7 { Black refrains from committing
himself to the kingside } 7. g4 { I don't want to commit to castling either. }
7... Nb6 { The knight eyes c4 and allows the f6 knight to retreat to d7 if
white pushes g5 } 8. h4 { Here we reach the position that I was pretty sure we
would get. } 8... h5 { I think is the main move. And honest in my (admittedly,
not to be valued too highly) opinion, I actually think white is objectively
better here. }  (8... h6 $5 { Funnily enough I was a bit more afraid of him
playing it more slowly like this, as I'm sure Anthony has a much better
knowledge of the manuvering the Pirc than I do. One interesting idea of this
move is that after... } 9. Bd3 h5 10. g5 Nfd7 11. d5 Ne5 { Commiting the bishop
here is actually in blacks favor, and the idea played in the game is much less
efective } ) 9. g5 Nfd7 10. d5 { And I think this position is still
theoretical. Although as I said, I still think white should be objectively
better. } 10... Ne5 { Black sacs a pawn here, the c6 b5 chain is simply under
so much pressure, and other options don't look very tempting. } 11. Bd4 $5 { I
have to confess stockfishes help in my preparation here. I honestly never even
seriously expected to get this position on the board and only vaguely
remembered a lot of the idea's thankfully it gets so complicated that this is
an immense advantage. I think this would be incredible hard to spot if you
didn't know a-priori that it is possible. } 11... b4 $1 { But neither of those
options for black are the real question, the real question is what happens if
b4? Anthony spent a great deal of time here and honestly I think this is the
best move. }  (11... Bg7 { One of the most natural replies that does not accept
the sacrifice. } 12. dxc6 { Blacks only two real options are 0-0 and Nc4, but I
think both will end up with a nice position for white } 12... Nbc4 13. Qc1 $1 {
Black simply has issues picking up the pawn, while still defending against
whites threats of f4 and a4 } )  (11... Nbc4 { I'm simple going to chop on c4
(same with Nec4) and play } 12. Bxc4 Nxc4 13. Qe2 { And once I again I think
it's clear that white should be better. } ) 12. dxc6 $1 bxc3 13. Qxc3 { And the
funny thing about this position is that white will be winning the piece back by
force! With initially seems a bit hard to believe. The very natural looking }
13... Bg7 (13... Rg8 { Fails to } 14. c7 Qd7 15. Bxe5 $1 { Where black is
unable to recapture due to } 15... dxe5 16. Rd1) 14. a4 { And if you can't play
Rg8 you actually have no way to break the pin, and f4 will win it back. I think
a4 was probably my first (and last) strong move of the game without the aid of
my prep. }  (14. f4 { Is probably not a mistake, but after } 14... Na4 $1 { I
was having issues trying to figure out what happens. For instance: } 15. Qb3 $2
Qa5+ $1 16. c3 Nd3+ 17. Bxd3 Bxd4) 14... Qc7 $6 { Black needed to castle, where
will transpose to the game position. However... } 15. f4 $2 (15. a5 $1 { I
missed the rather obvious move here and to be honest I don't really know what
black is supposed to play here. The computer gives some line like. } 15... Na4
16. Rxa4 { Which just looks abysmal. } ) 15... O-O 16. fxe5 dxe5 { And we
transpose back to the line as black has played 0-0 first instead of Qc7 } 17.
Bf2 Be6 18. a5 $6 { Probably already sheds most of whites objective advantage,
although it would have been the right idea three moves ago! Now all it does is
drive the knight to d6, where it probably wanted to go in the first place! }  (
18. Nf3 { I have no idea what I thought was wrong with probably the most
natural move in the position } ) 18... Nc8 19. Ne2 $6 { This one is a simple
case of mind blank. There are two squares where the knight can cover the e4
pawn after Nd6. g3 and d2. Which square do I chose...?! }  (19. Nf3 $10 Nd6 20.
Nd2 { Where the c4 square can now be contested by white } ) 19... Nd6 20. Ng3
Rab8 { Black can't pile up on the c6 pawn yet due to Ba6 } 21. b4 { Not as bad
as it looks, possibly preserving objective equality, although giving up any
real hopes of preserving the c6 pawn, as Ba6 will no longer work after Rc8 }
21... Rfc8 22. Rb1 $6 { A dubious move that ended up getting justified in the
game, however I think there is a clear refutation that both of us missed. My
idea was to grab on a7 after the exchanges on c4 and b5. I was originally
planning to Bd3, but I was worried about black blocking on the b5 square. }
22... Nb5 (22... Bd7 $5 23. Ba6) 23. Qc5 $2 (23. Bxb5 Rxb5 24. O-O a6 { Is
given by the computer and its probably right, but I once again, didn't like the
idea of the blockade. (I was also a bit fixated on the idea of getting the
queenside passers } ) 23... Qxc6 $6 (23... Nd4 { Is actually possible! } 24.
Ba6 { Looks like white will be better again. But stockfish points out the great
resource } 24... Qxc6 $1 25. Qxc6 (25. Bxc8 Qxc5 $4 26. bxc5 Rxb1+ 27. Kd2 Rxh1
28. Nxh1 Bxc8) 25... Rxc6 { And now I can't even play b5 as it drops the a6
bishop } 26. Bd3 a6) 24. Qxc6 Rxc6 25. Bxb5 Rxb5 26. Bxa7 Rxc2 { Which is the
position I was aiming for when I played Rb1. Only I missed the crucial detail
that I can't actually play Bc5 here, due to the pin on the pawn. } 27. Be3 {
Time to mention the clock for the first time. After move 17, I think I'd
managed to build up a good half hour edge on the clock (thanks stockfish). But
by the time we'd reached this position, I was down 5 minutes (10:15) And I
think I may have spent another 5 or 6 on this one move. It also doesn't really
get much better from here. The issue is that because there is no Bc5, black it
pretty much winning the b4 pawn by force and I was in such shock that I didn't
realise I simply needed to deal with it and make a move. In fact white is
objectively fine here. } 27... Ba2 28. Ra1 Rxb4 29. a6 { Anthony still has 10
minutes. I've managed to go down to increment. } 29... Ra4 30. a7 { And I give
the game away. I've been playing with the king in the centre so long that I
simply forgot castling was a legal move. In fact, had a not been a moron,
castling probably forces black to give up the exchange for two pawns } 30...
Bf8 31. Rf1 $2 (31. O-O { Now Rc8 is a huge threat } 31... Rc3 32. Bf2 Rxa7 (
32... Rca3 { Probably just delays the inevitable as white will play Rd1 Rd2 } )
33. Bxa7 Rxg3+ 34. Kh2 Ra3 35. Bc5 { And I honestly don;t think white should
really be much better, although a quick glance says stockfish loves it however
it's a very interesting endgame that probably would have forced Anthony to use
a bit more effort to beat me } 35... Ra5 36. Rf2 (36. Rfc1 Kg7 37. Rc2) ) 31...
e6 32. Rf2 $2 { Simply doesn't work. As you may have noticed, I'm not very good
in time pressure. } 32... Bb4+ 33. Kd1 { I would call this playing for tricks,
but that implies the tricks actually work. } 33... Rxf2 34. Bxf2 Bb3+ 35. Kc1
Rxa1+ 36. Kb2 Ra3 { Whoops. } 37. a8=Q+ Rxa8 38. Kxb3 { And I win back the
piece!!!..... Oh wait. 0-1 } 0-1

[Event "Summer Cup"]
[Site "Wellington Chess Club"]
[Date "2017.03.16"]
[Round "7"]
[White "Del Favero, Marcus"]
[Black "Proctor, Matthew"]
[Result "0-1"]
[WhiteElo "1000"]
[BlackElo "1392"]

1. d4 d5 2. c4 c6 3. Nf3 Bf5 4. Nc3 e6 5. e3 Nf6 6. Be2 dxc4 7. Bxc4 Nbd7 8.
O-O Nb6 9. Bd3 Bg4 10. h3 h5 11. Re1 Nfd5 12. Nxd5 Nxd5 13. b3 Bd6 14. Bb2 Bb4
15. Rf1 Qf6 16. Rc1 Bxf3 17. Qxf3 Qxf3 18. gxf3 Ke7 (18... O-O-O) 19. Kh1 g5
20. Rc4 Bd6 21. Rg1 Rag8 22. e4 Nf4 23. Bf1 g4 24. fxg4 hxg4 25. Bc1 Nxh3 0-1

[Event "Summer Cup"]
[Site "Wellington Chess Club"]
[Date "2017.03.16"]
[Round "7"]
[White "Dive, Russell"]
[Black "Sellen, Ian"]
[Result "1-0"]
[WhiteElo "2440"]
[BlackElo "2398"]

1. Nf3 c5 2. c4 Nf6 3. g3 g6 4. Bg2 Bg7 5. O-O O-O 6. d4 d6 7. Nc3 Nc6 8. d5
Nb8 9. e4 Nbd7 10. Re1 a6 11. h3 Ne8 12. a4 Nc7 13. Bf4 Ne5 14. Nxe5 Bxe5 15.
Qd2 Rb8 16. a5 b5 17. axb6 Na8 18. Bxe5 dxe5 19. Na4 Nxb6 20. Nxc5 Qd6 21. b4
Nxc4 22. Qc3 Nb6 23. Bf1 f5 24. exf5 gxf5 25. Qxe5 Rf7 26. Bxa6 Bxa6 27. Rxa6
Qxe5 28. Rxe5 Nc4 29. Re2 Rxb4 30. Ra8+ Kg7 31. Ne6+ Kh6 32. Nf4 Rb6 33. Ra7
1-0

[Event "Summer Cup"]
[Site "Wellington Chess Club"]
[Date "2017.03.16"]
[Round "7"]
[White "Forlong-Ford, Colwyn"]
[Black "Rabina, Romeo"]
[Result "0-1"]
[WhiteElo "1737"]
[BlackElo "1600"]

1. e4 b6 2. Bc4 Bb7 3. d3 e6 4. Nc3 Bb4 5. Ne2 d5 6. Bb3 d4 7. Ba4+ Bc6 8.
Bxc6+ Nxc6 9. a3 Ba5 10. b4 Nxb4 0-1

[Event "Summer Cup"]
[Site "Wellington Chess Club"]
[Date "2017.03.16"]
[Round "7"]
[White "Jackson, Ross"]
[Black "Timergazi, Layla"]
[Result "1-0"]
[WhiteElo "2049"]
[BlackElo "2117"]

1. e4 e6 2. d4 d5 3. Nd2 c5 4. exd5 exd5 5. Ngf3 Nf6 6. Bb5+ Bd7 7. Qe2+ Qe7 8.
Bxd7+ Nbxd7 9. Qxe7+ Bxe7 10. dxc5 Bxc5 11. O-O O-O 12. Nb3 Bb6 13. c3 Rfe8 14.
Nbd4 Nc5 15. Rd1 Na4 16. h3 Re4 17. Rb1 Rae8 18. Be3 h6 19. Nf5 Bxe3 20. Nxe3
Rd8 21. Nd4 Nh5 22. Ndf5 Nf4 23. Kf1 b5 24. Ng3 Re6 25. Rd4 g5 26. Ngf5 Nb6 27.
Rbd1 h5 28. h4 f6 29. g3 Ng6 30. Nxd5 Nxd5 31. Rxd5 Rxd5 32. Rxd5 Re5 33. Rxe5
Nxe5 34. hxg5 fxg5 35. Ke2 a6 36. f4 gxf4 37. gxf4 Nc4 38. b3 Nb6 39. Kf3 Kf7
40. Ke4 Kf6 41. Nh4 Ke6 42. Nf3 Nd5 43. Nd4+ Kd6 44. Ne2 h4 45. Kf3 Nf6 46. Kg2
Kd5 47. Kh3 Ke4 48. Kxh4 Kf5 49. Kg3 Nd5 50. Kf3 b4 51. Nd4+ Kf6 52. cxb4 Nxb4
53. a3 Nd5 54. Ke4 Nc3+ 55. Kd3 Nd5 56. Ne2 Kf5 57. Kd4 Ne7 58. b4 Nc8 59. Kd5
Nb6+ 60. Kc6 Na4 61. Kb7 1-0

[Event "Summer Cup"]
[Site "Wellington Chess Club"]
[Date "2017.03.16"]
[Round "7"]
[White "Kibblewhite, Daniel"]
[Black "Zhao, Aiden"]
[Result "0-1"]
[WhiteElo "1550"]
[BlackElo "1298"]

1. e4 e5 2. Nf3 Nc6 3. Bc4 Bc5 4. c3 Nf6 5. Nxe5 Nxe5 6. d4 Nxc4 7. e5 Qe7 8.
O-O Nxe5 9. Bg5 h6 10. Bh4 O-O 11. dxe5 Qxe5 12. Bg3 Qg5 13. Nd2 d6 14. Qf3
Qxd2 0-1

[Event "Summer Cup"]
[Site "Wellington Chess Club"]
[Date "2017.03.16"]
[Round "7"]
[White "Pomeroy, Arthur"]
[Black "Croad, Nicolas"]
[Result "0-1"]
[WhiteElo "2137"]
[BlackElo "2398"]

1. e4 c5 2. Nf3 d6 3. d4 cxd4 4. Nxd4 Nf6 5. Nc3 a6 6. h3 e5 7. Nde2 Be7 8. g4
h5 9. g5 Nh7 10. h4 Bg4 11. Qd3 Nc6 12. Nd5 O-O 13. f3 Be6 14. Be3 Rc8 15. Nec3
b5 16. Bh3 b4 17. Na4 Re8 18. O-O-O Bf8 19. b3 a5 20. f4 Bxh3 21. Rxh3 exf4 22.
Bxf4 Ne7 23. Ndb6 Ng6 24. Bh2 Rc6 25. Nc4 Qc8 26. Rf1 Qe6 27. Rhf3 Qxe4 28.
Qxe4 Rxe4 29. Rxf7 Re2 30. R7f2 Rxf2 31. Rxf2 Nxh4 32. Nxa5 Ra6 33. Nb7 Nxg5
34. Rf4 Nhf3 35. Bg3 d5 36. Rf5 d4 37. Bf4 Be7 38. Nac5 Rc6 39. Nd3 h4 40. Ne5
Nxe5 41. Rxe5 Ne6 42. Bh2 d3 {The next move doesn't make sense (Nb2) Black won
in 2 more moves} 0-1

[Event "Summer Cup"]
[Site "Wellington Chess Club"]
[Date "2017.03.16"]
[Round "7"]
[White "Rose, Nathan"]
[Black "Dixon, Hamish"]
[Result "1-0"]
[WhiteElo "1406"]
[BlackElo "1698"]

1. e4 c5 2. Nf3 d6 3. c3 Nc6 4. d4 cxd4 5. cxd4 Bg4 6. Be2 Nf6 7. Nc3 g6 8. O-O
Bg7 9. h3 Bxf3 10. Bxf3 O-O 11. Be3 Qd7 12. Ne2 Rfc8 13. Qd2 Rc7 14. Bh6 Rac8
15. Bxg7 Kxg7 16. Rac1 e6 17. h4 Ne7 18. Rxc7 Rxc7 19. h5 Nxh5 20. Bxh5 gxh5
21. Qg5+ Ng6 22. Nf4 Qe7 23. Nxh5+ Kh8 24. Nf6 Qf8 25. Kh2 Rc2 26. Kg3 Qg7 27.
Ne8 Qg8 28. Qf6+ 1-0

[Event "Summer Cup"]
[Site "Wellington Chess Club"]
[Date "2017.03.16"]
[Round "7"]
[White "Rossiter, Philip"]
[Black "Nijman, Brian"]
[Result "1/2-1/2"]
[WhiteElo "1900"]
[BlackElo "2192"]

1. c4 g6 2. Nc3 Bg7 3. d4 c5 4. Nf3 cxd4 5. Nxd4 Nc6 6. Nc2 Nf6 7. e4 O-O 8.
Be2 d6 9. O-O Nd7 10. Be3 Nc5 11. Qd2 Re8 {Well, Black could play 11...Bxc3
followed by taking the e4 pawn, but at the board I suspected that Brian would
not want to surrender his valuable g7 bishop, and he didn't. } 12. f3 Qa5 13.
Nd4 Nxd4 14. Bxd4 Bd7 15. Rfd1 Ba4 {Now, White could play b3 or just move the
d1 Rook, but...} 16. Nd5 Bxd4+ {Of course, it's check. Now I sat with the
feeling many chess players have when they play a higher rated opponent, that at
least I should have played a decent game. } 17. Qxd4 Ne6 18. Qe3 Bxd1 19. Bxd1
Qc5 {This move is a bit casual, as it loses a pawn. 19...Nc7 was cleaner. } 20.
Qxc5 dxc5 21. Ba4 Red8 22. Nxe7+ Kg7 23. Nd5 Rab8 {Oh dear. He's just going to
press on the queenside. I really needed a plan here. The one I came up with
does not improve my position objectively, but I'm lost anyway. } 24. Rf1 a6 25.
f4 b5 26. cxb5 axb5 27. Bd1 Nd4 {I though Black might play Ra8, but this
dominating knight didn't appeal to me either. } 28. Ne3 f5 29. e5 Ne6 30. g4
{White has been grovelling and suffering for a while. Now I was expecting a
Rook invasion, but then came } 30... Rf8 {After which the battle resumes. } 31.
gxf5 gxf5 32. Nd5 {32.Bc2} 32... Rbd8 33. Bf3 Nd4 34. Nf6 {I couldn't resist
this, but it's a blunder. } 34... h6 {Which is answered by another one.
34...Nxf3+ is just winning. } 35. Bd1 Kf7 36. Kf2 Ke6 37. Rg1 {37.Ke3 was my
original intention, and it is stronger. Now I was expecting 37...Nc6. I didn't
expect Brian to play the move he did. } 37... Rxf6 38. exf6 Kxf6 39. Bh5 {I
didn't know who was better now, but at least I had a concrete plan.} 39... Ke6
40. Rg6+ Kd5 41. Bf3+ Kc4 42. Rxh6 {Now the clock was becoming a factor, and I
was a bit pessimistic because the game was probably getting to a technical
stage where higher rated opponents are often more knowledgeable. } 42... Nxf3
43. Kxf3 Rd2 44. Rf6 {A mistake. 44.b3+. } 44... Rxh2 {Again Brian returns the
favour, taking on b2 was winning.} 45. b3+ {Given a second chance, I found this
important finesse. } 45... Kb4 46. Rxf5 Rxa2 47. Re5 Ra8 {The position is now
level, but hte fun hasn't stopped yet.} 48. Re3 c4 49. bxc4 bxc4 50. f5 c3 51.
Re7 Rc8 52. Rb7+ Ka3 53. Re7 {I should just keep checking him, this move loses!
} 53... c2 54. Re1 c1=Q {Brian, with no time, played this instantly. But I
suspect that had he had time, he would have found 54...Rc4! Ker, or Dive would
have found that in a heartbeat, me thinks.} 55. Rxc1 Rxc1 56. Ke4 Kb4 57. Kd5
{The only move! I was pleased to have found it at the board.} 57... Kb5 58. Kd6
{Loses! 58.f6 draws.} 58... Kb6 {58...Rf1 wins! The point is that Black will be
able to bring his king over and be able to capture the pawn. } 59. f6 Rf1 60.
Ke7 {Finally, it's a draw.} 60... Re1+ 61. Kd6 Rd1+ 62. Ke7 Kc7 63. f7 Re1+ 64.
Kf6 {For the first time in the game, I looked up at Brian, who picked up one of
my captured Knights and waved it about theatrically. I had to grin. } 64... Kd7
65. f8=Q Rf1+ 66. Kg7 Rxf8 67. Kxf8 { What a ride } 1/2-1/2

[Event "Summer Cup"]
[Site "Wellington Chess Club"]
[Date "2017.03.16"]
[Round "7"]
[White "Stracy, Don"]
[Black "Wilkins, Mark"]
[Result "0-1"]
[WhiteElo "1747"]
[BlackElo "1969"]

1. e4 c5 2. Nf3 g6 3. c4 Bg7 4. d4 cxd4 5. Nxd4 Nc6 6. Be3 Nf6 7. Nc3 O-O 8.
Be2 a6 9. O-O Rb8 10. Qd2 d6 11. h3 Bd7 12. f4 Qc8 13. Bf3 Nxd4 14. Bxd4 Qxc4
15. e5 Ne8 16. Bd5 Qc8 17. Rac1 Bc6 18. Na4 Nc7 19. Bxc6 bxc6 20. Rxc6 Qd7 21.
Rfc1 Nb5 22. Nb6 Qe6 23. Bc3 Rfd8 24. Qe2 Qxa2 25. Qe3 Nxc3 26. bxc3 dxe5 27.
fxe5 Rd2 28. Qe4 Re2 29. Qf3 Rxe5 30. Nd7 Rf5 31. Qxf5 gxf5 32. Nxb8 Bh6 33.
Rxa6 Be3+ 34. Kh1 Qxa6 35. Nxa6 Bxc1 36. Kg1 Kf8 37. Kf2 Ke8 38. Nc5 Ba3 39.
Nd3 Kd7 40. Kf3 Bd6 41. c4 e5 {At this point the knight mysteriously seems to
have gone from d3 to f1. This program won't let me replicate this manoeuvre.
Black won eventually.} 0-1

[Event "Summer Cup"]
[Site "Wellington Chess Club"]
[Date "2017.03.16"]
[Round "7"]
[White "Tagos, Bernardo"]
[Black "Sole, Michael"]
[Result "1/2-1/2"]
[WhiteElo "1433"]
[BlackElo "1654"]

1. c4 Nf6 2. Nc3 e6 3. g3 g6 4. Bg2 c6 5. Nf3 d5 6. cxd5 cxd5 7. d4 Nc6 8. Bg5
Bg7 9. Ne5 h6 10. Nxc6 bxc6 11. Bxf6 Bxf6 12. O-O Qb6 13. e3 O-O 14. Qd2 Rb8
15. b3 Ba6 16. Rfd1 Be7 17. Na4 Qc7 18. e4 Kh7 19. Rac1 Qd7 20. Nc5 Bxc5 21.
Rxc5 Rfd8 22. e5 Rb5 23. Rdc1 Rxc5 24. Rxc5 Rb8 25. Qc3 Rb6 26. b4 Bc4 27. a3
Rb5 28. Bf1 Rxc5 29. bxc5 Bxf1 30. Kxf1 Qb7 31. Qb4 Qa6+ 32. Kg2 Qc4 33. Qxc4
dxc4 34. Kf1 g5 35. Ke2 Kg7 36. g4 f5 37. f3 fxg4 38. fxg4 h5 39. h3 hxg4 40.
hxg4 Kf7 41. Kd2 Ke7 42. Kc3 Kd7 43. Kxc4 Kc7 44. Kb4 Kb7 45. Ka5 Kc7 46. a4
Kb7 47. Kb4 Kc7 48. a5 a6 49. Kc4 Kb7 50. Kc3 Kc8 1/2-1/2

[Event "Summer Cup"]
[Site "Wellington Chess Club"]
[Date "2017.03.16"]
[Round "7"]
[White "Thorpe, Richard"]
[Black "He, Caleb"]
[Result "1-0"]
[WhiteElo "1630"]
[BlackElo "1145"]

1. e4 e5 2. Nf3 Nc6 3. Bb5 a6 4. Ba4 Nf6 5. O-O Bc5 6. Re1 b5 7. Bb3 d6 8. c3
Bg4 9. Bd5 Qd7 10. d4 exd4 11. Bxc6 Qxc6 12. Nxd4 Bxd4 13. Qxd4 O-O 14. Bg5 Nd7
15. Na3 Rfe8 16. Nc2 a5 17. f3 Bh5 18. Ne3 f6 19. Bh4 Qb7 20. c4 c5 21. Qxd6
Ra6 22. Qd5+ Qxd5 23. cxd5 a4 24. Rac1 a3 25. b3 Rb6 26. Bf2 Rb7 27. Nf5 Rc7
28. Ne7+ Kf7 29. Nc6 Nb8 30. Nxb8 Rxb8 31. Rxc5 Rbb7 32. Rec1 Rd7 33. Bg3 Ke7
34. d6+ Rxd6 35. Bxd6+ Kxd6 36. Rxh5 g6 37. Rd5+ Ke6 38. Rc6+ Ke7 39. Rd4 Rd7
40. Rxd7+ Kxd7 41. Ra6 Ke7 42. Rxa3 Kd6 43. Ra6+ Ke5 44. Ra5 Kd4 45. Rxb5 h5
46. a4 g5 47. a5 Ke3 48. a6 g4 49. fxg4 hxg4 50. e5 f5 51. a7 f4 52. a8=Q f3
53. Qa7+ Ke2 54. Qf2+ Kd1 55. Ra5 Kc1 56. Ra1# 1-0

[Event "Summer Cup"]
[Site "Wellington Chess Club"]
[Date "2017.03.16"]
[Round "7"]
[White "Wevers, Alexis"]
[Black "Konakanchi, Karthik"]
[Result "1-0"]
[WhiteElo "1649"]
[BlackElo "1484"]

1. d4 d5 2. c4 Nf6 3. cxd5 Nxd5 4. e4 Nb6 5. Nf3 Bg4 6. Be2 e6 7. O-O Nc6 8.
Be3 Bxf3 9. Bxf3 Nc4 10. Nc3 Nxb2 11. Qb3 Nd3 12. a3 b6 13. Qb5 Qd7 14. Qxd3
O-O-O 15. Qa6+ Kb8 16. Nb5 1-0

[Event "Summer Cup"]
[Site "Wellington Chess Club"]
[Date "2017.03.16"]
[Round "7"]
[White "Wight, Joshua"]
[Black "Aldridge, Alan"]
[Result "0-1"]
[WhiteElo "1629"]
[BlackElo "1956"]

1. e4 e5 2. Nf3 Nc6 3. Nc3 d6 4. Bc4 h6 5. h3 Nf6 6. d3 Be7 7. Be3 O-O 8. Qd2
Be6 9. Bxe6 fxe6 10. Ke2 Nh5 11. g3 Qe8 12. Raf1 Qf7 13. Ne1 d5 14. d4 Rad8 15.
dxe5 Nxe5 16. exd5 exd5 17. Bd4 Bg5 18. Be3 d4 19. Bxg5 dxc3 0-1

[Event "Summer Cup"]
[Site "Wellington Chess Club"]
[Date "2017.03.16"]
[Round "7"]
[White "Winter, Ryan"]
[Black "Farrington, Lawrence"]
[Result "1/2-1/2"]
[WhiteElo "1592"]
[BlackElo "1755"]

1. e4 c6 2. d4 d5 3. exd5 cxd5 4. c4 Nf6 5. Nc3 e6 6. Nf3 Nc6 7. Bd3 Be7 8. Bg5
O-O 9. a3 h6 10. Bf4 dxc4 11. Bxc4 a6 12. O-O Bd6 13. Bxd6 Qxd6 14. d5 exd5 15.
Bxd5 Nxd5 16. Qxd5 Rd8 17. Qxd6 Rxd6 18. Rad1 Rxd1 19. Rxd1 Bg4 20. Rd3 Kf8 21.
h3 Bxf3 22. Rxf3 Ne5 23. Re3 Nc4 24. Re2 Rc8 25. Nd5 Rd8 26. Nc7 Nb6 27. Re3
Rc8 28. Rc3 g6 29. Nd5 Rxc3 30. Nxc3 Nc4 31. Nd1 Ke7 32. Kf1 Kd6 33. Ke2 Ke5
34. a4 Kd4 35. f3 g5 36. b3 Nd6 37. Kd2 f5 38. Ne3 Ke5 39. Kd3 b5 40. axb5 axb5
41. g3 h5 42. Ng2 Kd5 43. Ne3+ Ke5 44. Ng2 Kd5 45. Ne3+ Ke5 46. Ng2 1/2-1/2